| 000 | 00638nam a2200217Ia 4500 | ||
|---|---|---|---|
| 003 | 0100 | ||
| 008 | 130307s9999 xx 000 0 und d | ||
| 020 | _a1565181727 | ||
| 040 | _cARRUPELIB | ||
| 050 | _aBJ981.U33.E88 2002 | ||
| 245 | _aEthics, human rights, and development in Africa | ||
| 260 | _aWashington, D.C. : | ||
| 260 | _bCouncil for Research in Values and Philosophy | ||
| 260 | _c2002. | ||
| 300 | _a230 p. | ||
| 300 | _b23 cm. | ||
| 440 | _aUgandan philosophical studies ;3 ; Cultural heritage and contemporary change. Series II, Africa ;v. 8 | ||
| 650 | _aETHICS | ||
| 700 | _aDalfovo, A. T. (ed.) | ||
| 942 | 0 | 0 | _05 |
| 999 |
_c98781 _d98781 |
||